Идея сильного государства (на материале российских политических партий); Молодой ученый; № 10 (90)

Bibliografski detalji
Parent link:Молодой ученый: ежемесячный научный журнал.— , 2008-
№ 10 (90).— 2015.— [С. 1047-1050]
Glavni autor: Черявко Т. П. Татьяна Павловна
Autor kompanije: Национальный исследовательский Томский политехнический университет (ТПУ) Институт неразрушающего контроля (ИНК) Кафедра иностранных языков Института неразрушающего контроля (ИЯНК)
Daljnji autori: Сенцов А. Э. Аркадий Эдуардович
Sažetak:Заглавие с экрана
Режим доступа: по договору с организацией-держателем ресурса
Jezik:ruski
Izdano: 2015
Serija:Политология
Teme:
Online pristup:http://www.moluch.ru/archive/90/19193/
http://elibrary.ru/item.asp?id=23581058
Format: Elektronički Poglavlje knjige
KOHA link:https://koha.lib.tpu.ru/cgi-bin/koha/opac-detail.pl?biblionumber=642589

MARC

LEADER 00000naa0a2200000 4500
001 642589
005 20260105141020.0
035 |a (RuTPU)RU\TPU\network\7546 
035 |a RU\TPU\network\7545 
090 |a 642589 
100 |a 20150629d2015 k||y0rusy50 ca 
101 0 |a rus 
102 |a RU 
135 |a drcn ---uucaa 
181 0 |a i  
182 0 |a b 
200 1 |a Идея сильного государства (на материале российских политических партий)  |f Т. П. Черявко, А. Э. Сенцов 
203 |a Текст  |c электронный 
225 1 |a Политология 
300 |a Заглавие с экрана 
320 |a [Библиогр.: с. 1050 (12 назв.)] 
333 |a Режим доступа: по договору с организацией-держателем ресурса 
461 |t Молодой ученый  |o ежемесячный научный журнал  |d 2008- 
463 |t № 10 (90)  |v [С. 1047-1050]  |d 2015 
610 1 |a электронный ресурс 
610 1 |a труды учёных ТПУ 
610 1 |a политические партии 
610 1 |a программа партии 
610 1 |a политические идеологии 
700 1 |a Черявко  |b Т. П.  |g Татьяна Павловна 
701 1 |a Сенцов  |b А. Э.  |c лингвист  |c доцент Томского политехнического университета, кандидат политических наук  |f 1983-  |g Аркадий Эдуардович  |3 (RuTPU)RU\TPU\pers\27933 
712 0 2 |a Национальный исследовательский Томский политехнический университет (ТПУ)  |b Институт неразрушающего контроля (ИНК)  |b Кафедра иностранных языков Института неразрушающего контроля (ИЯНК)  |3 (RuTPU)RU\TPU\col\18721 
801 2 |a RU  |b 63413507  |c 20150630  |g RCR 
856 4 0 |u http://www.moluch.ru/archive/90/19193/ 
856 4 0 |u http://elibrary.ru/item.asp?id=23581058 
942 |c CF